| 000 | 00986nam a2200217Ia 4500 | ||
|---|---|---|---|
| 999 |
_c37433 _d37433 |
||
| 001 | 3392 | ||
| 003 | GE_BSU | ||
| 005 | 20190606155045.0 | ||
| 008 | 181216s1977|||| |||||||||||||| ||geo|| | ||
| 040 | _cGE_BSU | ||
| 041 | _ageo | ||
| 080 | _a621.01 გ–59 | ||
| 100 |
_aგოგილაშვილი, ვ. _91974 |
||
| 245 |
_aმექანიზმებისა და მანქანების თეორია : დამხმ. სახელმძღ. / _cვ.გოგილაშვილი ; თ. კათხელიძე ; რედ : ე. კირვალიძე. |
||
| 264 |
_aთბილისი : _bსპი, _c1977. |
||
| 300 |
_a133 გვ .: _bცხრ. _c20 სმ. |
||
| 653 | _aმექანიზმებისა და მანქანების თეორია | ||
| 700 |
_aკათხელიძე,თ _92232 |
||
| 700 |
_aკირვალიძე, ე _eრედაქტორი _92233 |
||
| 942 |
_cBK _2udc |
||